000 00696cam a2200253 4500
008 090401t1996 xxu||||| |||| 00| 0 eng d
020 _a0854067884
035 _a(Sirsi) u66477
041 _aeng
050 _a333.0023
100 _aKennie, Tom
245 _aCPD: continuing professional development and its future promotion within FIG.
260 _aLondon
_bFIG
_c1996
300 _a28p. ; 21cm.
350 _a0
490 _aFIG Publication
_v15
650 _aCONTINUING PROFESSIONAL DEVELOPMENT
650 _aSURVEYORS
690 _aPROFESSIONAL PRACTICE
700 _aEnemark, Stig
710 _aFederation International Des Geometres
942 _n0
948 _c04/03/1997
999 _c94874
_d94874